MyGZULibrary

Case book on the law of partnership, company law, and insolvency law = (Record no. 9070)

MARC details
000 -LEADER
fixed length control field 01226cam a2200325 a 4500
001 - CONTROL NUMBER
control field 1114961
003 - CONTROL NUMBER IDENTIFIER
control field KF1355 LOU 1996
005 - DATE AND TIME OF LATEST TRANSACTION
control field 20210528085424.0
008 - FIXED-LENGTH DATA ELEMENTS--GENERAL INFORMATION
fixed length control field 930626s1992 sa 000 0 afr
010 ## - LIBRARY OF CONGRESS CONTROL NUMBER
LC control number 93171165
020 ## - INTERNATIONAL STANDARD BOOK NUMBER
International Standard Book Number 0702127825
040 ## - CATALOGING SOURCE
Original cataloging agency DLC
Transcribing agency DLC
Modifying agency DLC
041 0# - LANGUAGE CODE
Language code of text/sound track or separate title afreng
043 ## - GEOGRAPHIC AREA CODE
Geographic area code f-sa---
050 00 - LIBRARY OF CONGRESS CALL NUMBER
Classification number KTL1040
Item number .L68 1992
100 1# - MAIN ENTRY--PERSONAL NAME
Personal name Loubser, Anneli.
245 10 - TITLE STATEMENT
Title Case book on the law of partnership, company law, and insolvency law =
Remainder of title Vonnisbundel oor die Vennootskapsreg, Maatskappyereg en Insolvensiereg /
Statement of responsibility, etc. Anneli Loubser.
246 31 - VARYING FORM OF TITLE
Title proper/short title Vonnisbundel oor die Vennootskapsreg, Maatskappyereg en Insolvensiereg
250 ## - EDITION STATEMENT
Edition statement 1.st ed.
260 ## - PUBLICATION, DISTRIBUTION, ETC.
Place of publication, distribution, etc. Kenwyn :
Name of publisher, distributor, etc. Juta & Co,
Date of publication, distribution, etc. 1992.
300 ## - PHYSICAL DESCRIPTION
Extent xii, 251 p. ;
Dimensions 24 cm.
500 ## - GENERAL NOTE
General note Includes index
600 ## - SUBJECT ADDED ENTRY--PERSONAL NAME
Source of heading or term Case book on the law of partnership, company law and insolvency law
650 #0 - SUBJECT ADDED ENTRY--TOPICAL TERM
Topical term or geographic name entry element Corporations
Geographic subdivision South Africa
General subdivision Cases.
650 #0 - SUBJECT ADDED ENTRY--TOPICAL TERM
Topical term or geographic name entry element Partnership
Geographic subdivision South Africa
General subdivision Cases.
650 #0 - SUBJECT ADDED ENTRY--TOPICAL TERM
Topical term or geographic name entry element Bankruptcy
Geographic subdivision South Africa
General subdivision Cases.
906 ## - LOCAL DATA ELEMENT F, LDF (RLIN)
a 7
b cbc
c orignew
d 3
e ncip
f 19
g y-gencatlg
942 ## - ADDED ENTRY ELEMENTS (KOHA)
Source of classification or shelving scheme Library of Congress Classification
Koha item type Books
Classification part 1355
Item part LOU
Call number prefix KF
Holdings
Withdrawn status Lost status Damaged status Not for loan Collection code Home library Current library Shelving location Date acquired Inventory number Total Checkouts Full call number Barcode Date last seen Copy number Price effective from Koha item type Date last checked out
        Non-fiction Law Library Law Library General Stacks 05/28/2021 22732   KF1355 LOU 1996 022732 05/28/2021 C.1 05/28/2021 Books  
        Non-fiction Law Library Law Library General Stacks 05/28/2021 18143 1 KTL1040 LOU 1992 004715 04/17/2023 C.2 05/28/2021 Books 04/04/2023
        Non-fiction Law Library Law Library General Stacks 05/28/2021 19399   KTL1040 LOU 1992   05/28/2021 002566 05/28/2021 Books